Družstevníci by si chceli založiť družstevnú banku, sporiteľné a úverové družstvá

Z histórie slovenského družstevníctva. Súčasný stav družstevníctva. Príprava zákona o vzniku úverových a sporiteľných družstiev v SR, vo svete takéto družstvá už existujú. Význam týchto družstiev ako svojpomoc členom družstiev a podnikateľom. Možnosť vzniku rôznych typov družstiev podľa potreby - št...

Ausführliche Beschreibung

Gespeichert in:
Bibliographische Detailangaben
1. Verfasser: Oujezdská, Lena
Format: Buchkapitel
Sprache:Slowakisch
Schlagworte:
Tags: Tag hinzufügen
Keine Tags, Fügen Sie das erste Tag hinzu!

MARC

LEADER 00000naa a2200000 4500
001 r033340
005 20230921102112.8
041 0 |a slo 
044 |a SK 
245 1 0 |a Družstevníci by si chceli založiť družstevnú banku, sporiteľné a úverové družstvá  |c Lena Oujezdská 
520 |a Z histórie slovenského družstevníctva. Súčasný stav družstevníctva. Príprava zákona o vzniku úverových a sporiteľných družstiev v SR, vo svete takéto družstvá už existujú. Význam týchto družstiev ako svojpomoc členom družstiev a podnikateľom. Možnosť vzniku rôznych typov družstiev podľa potreby - štát by mal pre túto činnosť vytvoriť legislatívne a ekonomické podmienky. Družstevné vzdelávanie. 
610 2 0 |a družstevníctvo 
610 2 0 |a družstvá 
610 2 0 |a družstvá výrobné 
610 2 0 |a história 
610 2 0 |a vzdelávanie 
610 2 0 |a legislatíva 
610 2 0 |a družstvá úverové 
610 2 0 |a banky družstevné 
610 2 0 |a Slovensko 
100 1 |a Oujezdská, Lena